<?xml version="1.0" encoding="UTF-8"?>
<record
    xmlns:xsi="http://www.w3.org/2001/XMLSchema-instance"
    xsi:schemaLocation="http://www.loc.gov/MARC21/slim http://www.loc.gov/standards/marcxml/schema/MARC21slim.xsd"
    xmlns="http://www.loc.gov/MARC21/slim">

  <leader>01954    a2200253   4500</leader>
  <controlfield tag="005">20260514150601.0</controlfield>
  <controlfield tag="008">260514b        |||||||| |||| 00| 0 eng d</controlfield>
  <datafield tag="020" ind1=" " ind2=" ">
    <subfield code="a">9789353062019</subfield>
  </datafield>
  <datafield tag="040" ind1=" " ind2=" ">
    <subfield code="a">CSL</subfield>
    <subfield code="c">CSL</subfield>
  </datafield>
  <datafield tag="041" ind1=" " ind2=" ">
    <subfield code="2">eng</subfield>
    <subfield code="a">eng</subfield>
  </datafield>
  <datafield tag="084" ind1=" " ind2=" ">
    <subfield code="a">D65,8(B):4 Q8-;19</subfield>
    <subfield code="q">CSL</subfield>
  </datafield>
  <datafield tag="100" ind1=" " ind2=" ">
    <subfield code="a">Mano, M Morris</subfield>
    <subfield code="9">1233934</subfield>
    <subfield code="e">author</subfield>
  </datafield>
  <datafield tag="245" ind1=" " ind2=" ">
    <subfield code="a">Digital design</subfield>
  </datafield>
  <datafield tag="250" ind1=" " ind2=" ">
    <subfield code="a">6th ed</subfield>
  </datafield>
  <datafield tag="260" ind1=" " ind2=" ">
    <subfield code="a">Noida :</subfield>
    <subfield code="b">Pearson,</subfield>
    <subfield code="c">2026.</subfield>
  </datafield>
  <datafield tag="300" ind1=" " ind2=" ">
    <subfield code="a">765p.</subfield>
    <subfield code="b">: ill.</subfield>
    <subfield code="c">; 23 cm.</subfield>
  </datafield>
  <datafield tag="500" ind1=" " ind2=" ">
    <subfield code="a">Includes appendix and index</subfield>
  </datafield>
  <datafield tag="520" ind1=" " ind2=" ">
    <subfield code="a">Digital Design 6th Edition deals with basic concepts of digital logic design and covers essential technical guidelines for different circuits and digital applications. Summary Of The Book A modern take on classic concepts such as digital circuits, designs and its various procedures, the fourth edition of Digital Design (With CD) 4th Edition provides simple yet effective guidelines in a lucid and informative manner. There are specific tools that a computer and engineering student must be acquainted with when designing digitized applications. This book provides the different procedures that can be used for a wide array of digital formats and designs. There have been a number of updates inserted within this edition including the expanded key enhancements in the Verilog Hardware Description Language or HDL. Digital Designs covers a range of topics starting from basic digital systems, gate-level minimization, Boolean algebra to asynchronous sequential logic and standard graphic symbols. The students will also find this book helpful when trying to understand design at Register Transfer Level (RTL) as well as memory and programmable</subfield>
  </datafield>
  <datafield tag="650" ind1=" " ind2=" ">
    <subfield code="a">Combinational logic</subfield>
    <subfield code="9">1240073</subfield>
  </datafield>
  <datafield tag="650" ind1=" " ind2=" ">
    <subfield code="a">Digital integrated circuits</subfield>
    <subfield code="9">1240074</subfield>
  </datafield>
  <datafield tag="650" ind1=" " ind2=" ">
    <subfield code="a">Standard graphic symbols</subfield>
    <subfield code="9">1240075</subfield>
  </datafield>
  <datafield tag="700" ind1=" " ind2=" ">
    <subfield code="a">Ciletti, Michael D.</subfield>
    <subfield code="e">author</subfield>
    <subfield code="9">1240076</subfield>
  </datafield>
  <datafield tag="942" ind1=" " ind2=" ">
    <subfield code="c">TEXL</subfield>
    <subfield code="2">CC</subfield>
    <subfield code="e">6th</subfield>
    <subfield code="h">D65,8(B):4 Q8-;19</subfield>
  </datafield>
  <datafield tag="999" ind1=" " ind2=" ">
    <subfield code="c">1848256</subfield>
    <subfield code="d">1848256</subfield>
  </datafield>
  <datafield tag="952" ind1=" " ind2=" ">
    <subfield code="0">0</subfield>
    <subfield code="1">0</subfield>
    <subfield code="2">CC</subfield>
    <subfield code="4">0</subfield>
    <subfield code="7">0</subfield>
    <subfield code="a">FTL</subfield>
    <subfield code="b">CSL</subfield>
    <subfield code="d">2026-04-13</subfield>
    <subfield code="e">104</subfield>
    <subfield code="g">680.00</subfield>
    <subfield code="l">0</subfield>
    <subfield code="o">D65,8(B):4 Q8</subfield>
    <subfield code="p">FT1793429</subfield>
    <subfield code="r">2026-04-13 00:00:00</subfield>
    <subfield code="v">850.00</subfield>
    <subfield code="w">2026-04-13</subfield>
    <subfield code="y">TEXL</subfield>
  </datafield>
  <datafield tag="952" ind1=" " ind2=" ">
    <subfield code="0">0</subfield>
    <subfield code="1">0</subfield>
    <subfield code="2">CC</subfield>
    <subfield code="4">0</subfield>
    <subfield code="7">0</subfield>
    <subfield code="a">FTL</subfield>
    <subfield code="b">CSL</subfield>
    <subfield code="d">2026-04-13</subfield>
    <subfield code="e">104</subfield>
    <subfield code="g">680.00</subfield>
    <subfield code="l">0</subfield>
    <subfield code="o">D65,8(B):4 Q8;1</subfield>
    <subfield code="p">FT1793430</subfield>
    <subfield code="r">2026-04-13 00:00:00</subfield>
    <subfield code="v">850.00</subfield>
    <subfield code="w">2026-04-13</subfield>
    <subfield code="y">TEXL</subfield>
  </datafield>
  <datafield tag="952" ind1=" " ind2=" ">
    <subfield code="0">0</subfield>
    <subfield code="1">0</subfield>
    <subfield code="2">CC</subfield>
    <subfield code="4">0</subfield>
    <subfield code="7">0</subfield>
    <subfield code="a">FTL</subfield>
    <subfield code="b">CSL</subfield>
    <subfield code="d">2026-04-13</subfield>
    <subfield code="e">104</subfield>
    <subfield code="g">680.00</subfield>
    <subfield code="l">0</subfield>
    <subfield code="o">D65,8(B):4 Q8;2</subfield>
    <subfield code="p">FT1793431</subfield>
    <subfield code="r">2026-04-13 00:00:00</subfield>
    <subfield code="v">850.00</subfield>
    <subfield code="w">2026-04-13</subfield>
    <subfield code="y">TEXL</subfield>
  </datafield>
  <datafield tag="952" ind1=" " ind2=" ">
    <subfield code="0">0</subfield>
    <subfield code="1">0</subfield>
    <subfield code="2">CC</subfield>
    <subfield code="4">0</subfield>
    <subfield code="7">0</subfield>
    <subfield code="a">FTL</subfield>
    <subfield code="b">CSL</subfield>
    <subfield code="d">2026-04-13</subfield>
    <subfield code="e">104</subfield>
    <subfield code="g">680.00</subfield>
    <subfield code="l">0</subfield>
    <subfield code="o">D65,8(B):4 Q8;3</subfield>
    <subfield code="p">FT1793432</subfield>
    <subfield code="r">2026-04-13 00:00:00</subfield>
    <subfield code="v">850.00</subfield>
    <subfield code="w">2026-04-13</subfield>
    <subfield code="y">TEXL</subfield>
  </datafield>
  <datafield tag="952" ind1=" " ind2=" ">
    <subfield code="0">0</subfield>
    <subfield code="1">0</subfield>
    <subfield code="2">CC</subfield>
    <subfield code="4">0</subfield>
    <subfield code="7">0</subfield>
    <subfield code="a">FTL</subfield>
    <subfield code="b">CSL</subfield>
    <subfield code="d">2026-04-13</subfield>
    <subfield code="e">104</subfield>
    <subfield code="g">680.00</subfield>
    <subfield code="l">0</subfield>
    <subfield code="o">D65,8(B):4 Q8;4</subfield>
    <subfield code="p">FT1793433</subfield>
    <subfield code="r">2026-04-13 00:00:00</subfield>
    <subfield code="v">850.00</subfield>
    <subfield code="w">2026-04-13</subfield>
    <subfield code="y">TEXL</subfield>
  </datafield>
  <datafield tag="952" ind1=" " ind2=" ">
    <subfield code="0">0</subfield>
    <subfield code="1">0</subfield>
    <subfield code="2">CC</subfield>
    <subfield code="4">0</subfield>
    <subfield code="7">0</subfield>
    <subfield code="a">FTL</subfield>
    <subfield code="b">CSL</subfield>
    <subfield code="d">2026-04-13</subfield>
    <subfield code="e">104</subfield>
    <subfield code="g">680.00</subfield>
    <subfield code="l">0</subfield>
    <subfield code="o">D65,8(B):4 Q8;5</subfield>
    <subfield code="p">FT1793434</subfield>
    <subfield code="r">2026-04-13 00:00:00</subfield>
    <subfield code="v">850.00</subfield>
    <subfield code="w">2026-04-13</subfield>
    <subfield code="y">TEXL</subfield>
  </datafield>
  <datafield tag="952" ind1=" " ind2=" ">
    <subfield code="0">0</subfield>
    <subfield code="1">0</subfield>
    <subfield code="2">CC</subfield>
    <subfield code="4">0</subfield>
    <subfield code="7">0</subfield>
    <subfield code="a">FTL</subfield>
    <subfield code="b">CSL</subfield>
    <subfield code="d">2026-04-13</subfield>
    <subfield code="e">104</subfield>
    <subfield code="g">680.00</subfield>
    <subfield code="l">0</subfield>
    <subfield code="o">D65,8(B):4 Q8;6</subfield>
    <subfield code="p">FT1793435</subfield>
    <subfield code="r">2026-04-13 00:00:00</subfield>
    <subfield code="v">850.00</subfield>
    <subfield code="w">2026-04-13</subfield>
    <subfield code="y">TEXL</subfield>
  </datafield>
  <datafield tag="952" ind1=" " ind2=" ">
    <subfield code="0">0</subfield>
    <subfield code="1">0</subfield>
    <subfield code="2">CC</subfield>
    <subfield code="4">0</subfield>
    <subfield code="7">0</subfield>
    <subfield code="a">FTL</subfield>
    <subfield code="b">CSL</subfield>
    <subfield code="d">2026-04-13</subfield>
    <subfield code="e">104</subfield>
    <subfield code="g">680.00</subfield>
    <subfield code="l">0</subfield>
    <subfield code="o">D65,8(B):4 Q8;7</subfield>
    <subfield code="p">FT1793436</subfield>
    <subfield code="r">2026-04-13 00:00:00</subfield>
    <subfield code="v">850.00</subfield>
    <subfield code="w">2026-04-13</subfield>
    <subfield code="y">TEXL</subfield>
  </datafield>
  <datafield tag="952" ind1=" " ind2=" ">
    <subfield code="0">0</subfield>
    <subfield code="1">0</subfield>
    <subfield code="2">CC</subfield>
    <subfield code="4">0</subfield>
    <subfield code="7">0</subfield>
    <subfield code="a">FTL</subfield>
    <subfield code="b">CSL</subfield>
    <subfield code="d">2026-04-13</subfield>
    <subfield code="e">104</subfield>
    <subfield code="g">680.00</subfield>
    <subfield code="l">0</subfield>
    <subfield code="o">D65,8(B):4 Q8;8</subfield>
    <subfield code="p">FT1793437</subfield>
    <subfield code="r">2026-04-13 00:00:00</subfield>
    <subfield code="v">850.00</subfield>
    <subfield code="w">2026-04-13</subfield>
    <subfield code="y">TEXL</subfield>
  </datafield>
  <datafield tag="952" ind1=" " ind2=" ">
    <subfield code="0">0</subfield>
    <subfield code="1">0</subfield>
    <subfield code="2">CC</subfield>
    <subfield code="4">0</subfield>
    <subfield code="7">0</subfield>
    <subfield code="a">FTL</subfield>
    <subfield code="b">CSL</subfield>
    <subfield code="d">2026-04-13</subfield>
    <subfield code="e">104</subfield>
    <subfield code="g">680.00</subfield>
    <subfield code="l">0</subfield>
    <subfield code="o">D65,8(B):4 Q8;9</subfield>
    <subfield code="p">FT1793438</subfield>
    <subfield code="r">2026-04-13 00:00:00</subfield>
    <subfield code="v">850.00</subfield>
    <subfield code="w">2026-04-13</subfield>
    <subfield code="y">TEXL</subfield>
  </datafield>
  <datafield tag="952" ind1=" " ind2=" ">
    <subfield code="0">0</subfield>
    <subfield code="1">0</subfield>
    <subfield code="2">CC</subfield>
    <subfield code="4">0</subfield>
    <subfield code="7">0</subfield>
    <subfield code="a">FTL</subfield>
    <subfield code="b">CSL</subfield>
    <subfield code="d">2026-04-13</subfield>
    <subfield code="e">104</subfield>
    <subfield code="g">680.00</subfield>
    <subfield code="l">0</subfield>
    <subfield code="o">D65,8(B):4 Q8;10</subfield>
    <subfield code="p">FT1793439</subfield>
    <subfield code="r">2026-04-13 00:00:00</subfield>
    <subfield code="v">850.00</subfield>
    <subfield code="w">2026-04-13</subfield>
    <subfield code="y">TEXL</subfield>
  </datafield>
  <datafield tag="952" ind1=" " ind2=" ">
    <subfield code="0">0</subfield>
    <subfield code="1">0</subfield>
    <subfield code="2">CC</subfield>
    <subfield code="4">0</subfield>
    <subfield code="7">0</subfield>
    <subfield code="a">FTL</subfield>
    <subfield code="b">CSL</subfield>
    <subfield code="d">2026-04-13</subfield>
    <subfield code="e">104</subfield>
    <subfield code="g">680.00</subfield>
    <subfield code="l">0</subfield>
    <subfield code="o">D65,8(B):4 Q8;11</subfield>
    <subfield code="p">FT1793440</subfield>
    <subfield code="r">2026-04-13 00:00:00</subfield>
    <subfield code="v">850.00</subfield>
    <subfield code="w">2026-04-13</subfield>
    <subfield code="y">TEXL</subfield>
  </datafield>
  <datafield tag="952" ind1=" " ind2=" ">
    <subfield code="0">0</subfield>
    <subfield code="1">0</subfield>
    <subfield code="2">CC</subfield>
    <subfield code="4">0</subfield>
    <subfield code="7">0</subfield>
    <subfield code="a">FTL</subfield>
    <subfield code="b">CSL</subfield>
    <subfield code="d">2026-04-13</subfield>
    <subfield code="e">104</subfield>
    <subfield code="g">680.00</subfield>
    <subfield code="l">0</subfield>
    <subfield code="o">D65,8(B):4 Q8;12</subfield>
    <subfield code="p">FT1793441</subfield>
    <subfield code="r">2026-04-13 00:00:00</subfield>
    <subfield code="v">850.00</subfield>
    <subfield code="w">2026-04-13</subfield>
    <subfield code="y">TEXL</subfield>
  </datafield>
  <datafield tag="952" ind1=" " ind2=" ">
    <subfield code="0">0</subfield>
    <subfield code="1">0</subfield>
    <subfield code="2">CC</subfield>
    <subfield code="4">0</subfield>
    <subfield code="7">0</subfield>
    <subfield code="a">FTL</subfield>
    <subfield code="b">CSL</subfield>
    <subfield code="d">2026-04-13</subfield>
    <subfield code="e">104</subfield>
    <subfield code="g">680.00</subfield>
    <subfield code="l">0</subfield>
    <subfield code="o">D65,8(B):4 Q8;13</subfield>
    <subfield code="p">FT1793442</subfield>
    <subfield code="r">2026-04-13 00:00:00</subfield>
    <subfield code="v">850.00</subfield>
    <subfield code="w">2026-04-13</subfield>
    <subfield code="y">TEXL</subfield>
  </datafield>
  <datafield tag="952" ind1=" " ind2=" ">
    <subfield code="0">0</subfield>
    <subfield code="1">0</subfield>
    <subfield code="2">CC</subfield>
    <subfield code="4">0</subfield>
    <subfield code="7">0</subfield>
    <subfield code="a">FTL</subfield>
    <subfield code="b">CSL</subfield>
    <subfield code="d">2026-04-13</subfield>
    <subfield code="e">104</subfield>
    <subfield code="g">680.00</subfield>
    <subfield code="l">0</subfield>
    <subfield code="o">D65,8(B):4 Q8;14</subfield>
    <subfield code="p">FT1793443</subfield>
    <subfield code="r">2026-04-13 00:00:00</subfield>
    <subfield code="v">850.00</subfield>
    <subfield code="w">2026-04-13</subfield>
    <subfield code="y">TEXL</subfield>
  </datafield>
  <datafield tag="952" ind1=" " ind2=" ">
    <subfield code="0">0</subfield>
    <subfield code="1">0</subfield>
    <subfield code="2">CC</subfield>
    <subfield code="4">0</subfield>
    <subfield code="7">0</subfield>
    <subfield code="a">FTL</subfield>
    <subfield code="b">CSL</subfield>
    <subfield code="d">2026-04-13</subfield>
    <subfield code="e">104</subfield>
    <subfield code="g">680.00</subfield>
    <subfield code="l">0</subfield>
    <subfield code="o">D65,8(B):4 Q8;15</subfield>
    <subfield code="p">FT1793444</subfield>
    <subfield code="r">2026-04-13 00:00:00</subfield>
    <subfield code="v">850.00</subfield>
    <subfield code="w">2026-04-13</subfield>
    <subfield code="y">TEXL</subfield>
  </datafield>
  <datafield tag="952" ind1=" " ind2=" ">
    <subfield code="0">0</subfield>
    <subfield code="1">0</subfield>
    <subfield code="2">CC</subfield>
    <subfield code="4">0</subfield>
    <subfield code="7">0</subfield>
    <subfield code="a">FTL</subfield>
    <subfield code="b">CSL</subfield>
    <subfield code="d">2026-04-13</subfield>
    <subfield code="e">104</subfield>
    <subfield code="g">680.00</subfield>
    <subfield code="l">0</subfield>
    <subfield code="o">D65,8(B):4 Q8;16</subfield>
    <subfield code="p">FT1793445</subfield>
    <subfield code="r">2026-04-13 00:00:00</subfield>
    <subfield code="v">850.00</subfield>
    <subfield code="w">2026-04-13</subfield>
    <subfield code="y">TEXL</subfield>
  </datafield>
  <datafield tag="952" ind1=" " ind2=" ">
    <subfield code="0">0</subfield>
    <subfield code="1">0</subfield>
    <subfield code="2">CC</subfield>
    <subfield code="4">0</subfield>
    <subfield code="7">0</subfield>
    <subfield code="a">FTL</subfield>
    <subfield code="b">CSL</subfield>
    <subfield code="d">2026-04-13</subfield>
    <subfield code="e">104</subfield>
    <subfield code="g">680.00</subfield>
    <subfield code="l">0</subfield>
    <subfield code="o">D65,8(B):4 Q8;17</subfield>
    <subfield code="p">FT1793446</subfield>
    <subfield code="r">2026-04-13 00:00:00</subfield>
    <subfield code="v">850.00</subfield>
    <subfield code="w">2026-04-13</subfield>
    <subfield code="y">TEXL</subfield>
  </datafield>
  <datafield tag="952" ind1=" " ind2=" ">
    <subfield code="0">0</subfield>
    <subfield code="1">0</subfield>
    <subfield code="2">CC</subfield>
    <subfield code="4">0</subfield>
    <subfield code="7">0</subfield>
    <subfield code="a">FTL</subfield>
    <subfield code="b">CSL</subfield>
    <subfield code="d">2026-04-13</subfield>
    <subfield code="e">104</subfield>
    <subfield code="g">680.00</subfield>
    <subfield code="l">0</subfield>
    <subfield code="o">D65,8(B):4 Q8;18</subfield>
    <subfield code="p">FT1793447</subfield>
    <subfield code="r">2026-04-13 00:00:00</subfield>
    <subfield code="v">850.00</subfield>
    <subfield code="w">2026-04-13</subfield>
    <subfield code="y">TEXL</subfield>
  </datafield>
  <datafield tag="952" ind1=" " ind2=" ">
    <subfield code="0">0</subfield>
    <subfield code="1">0</subfield>
    <subfield code="2">CC</subfield>
    <subfield code="4">0</subfield>
    <subfield code="7">0</subfield>
    <subfield code="a">FTL</subfield>
    <subfield code="b">CSL</subfield>
    <subfield code="d">2026-04-13</subfield>
    <subfield code="e">104</subfield>
    <subfield code="g">680.00</subfield>
    <subfield code="l">0</subfield>
    <subfield code="o">D65,8(B):4 Q8;19</subfield>
    <subfield code="p">FT1793448</subfield>
    <subfield code="r">2026-04-13 00:00:00</subfield>
    <subfield code="v">850.00</subfield>
    <subfield code="w">2026-04-13</subfield>
    <subfield code="y">TEXL</subfield>
  </datafield>
</record>
